Az ó-új világ
Elmentve itt :
| Szerző: | |
|---|---|
| Adatforrás: | Philobibl |
| Dokumentumtípus: | Könyv |
| Nyelv: | magyar |
| Kulcsszavak: | értelmiség társadalmi felelősség kultúra társadalomelmélet kommunikáció művelődésszociológia internet esztétika |
| Megjelent: |
Budapest
Magvető
cop. 1997
|
| Sorozat: | Lassuló idő
|
| LEADER | 00598cam a2200229 cr4500 | ||
|---|---|---|---|
| 001 | bibPHI0041483 | ||
| 005 | 20200924124540.1 | ||
| 008 | 970522t19971997hu a 000 0 hun d | ||
| 100 | 1 | |a György Péter | |
| 245 | 1 | 3 | |a Az ó-új világ |c György Péter |
| 260 | |a Budapest |b Magvető |c cop. 1997 | ||
| 300 | |a 171 p. | ||
| 490 | 1 | |a Lassuló idő | |
| 695 | |a értelmiség | ||
| 695 | |a társadalmi felelősség | ||
| 695 | |a kultúra | ||
| 695 | |a társadalomelmélet | ||
| 695 | |a kommunikáció | ||
| 695 | |a művelődésszociológia | ||
| 695 | |a internet | ||
| 695 | |a esztétika | ||
| 830 | 0 | |a Lassuló idő | |